000 00848nam a22002777a 4500
001 BR6006355
003 BR-BrBNA
005 20230928083243.0
007 ta
008 230509b bl.||||| |||| 00| 0 por d
040 _aBR-BrBNA
_bpor
_cBiblioteca Nacional de Agricultura
041 _a(Por)
072 _aP12
_b0210
090 _ 0210 BR6006355
100 1 _aVieira, J.
110 1 _aUniversidade Federal de Vicosa, MG (Brasil)
_0Tese (Magister Scientiae)
245 1 _aDiferentes niveis e epocas de irrigacao da batatinha (Solanum Tuberosum L.)pelos metodos de aspersao e de sulcos
260 3 _aVicosa, MG (Brasil):
_c1971.
300 _a44 p.
500 _a25 ref.; Summary (Por)
650 _aBatata
650 _aIrrigacao por sulco
650 _aIrrigacao por aspersao
909 _a202309
_bLucia
_c55
_dLucia Elande
942 _cBK
999 _c12413
_d12413